El traje de luces (Record no. 173981)
[ view plain ]
| 000 -LEADER | |
|---|---|
| campo de control de longitud fija | 01042namaa2200229 i 4500 |
| 001 - NÚMERO DE CONTROL | |
| campo de control | 173981 |
| 003 - IDENTIFICADOR DE NÚMERO DE CONTROL | |
| campo de control | ES-MaACL |
| 005 - FECHA Y HORA DE LA ÚLTIMA TRANSACCIÓN | |
| campo de control | 20230906215416.0 |
| 008 - DATOS DE LONGITUD FIJA--INFORMACIÓN GENERAL | |
| campo de control de longitud fija | 100204s1899 sp |||| | spa d |
| 100 1# - ENTRADA PRINCIPAL--NOMBRE DE PERSONA | |
| Nombre de persona | Álvarez Quintero, Serafín, |
| Fechas asociadas al nombre | 1871-1938 |
| 9 (RLIN) | 226443 |
| 245 13 - MENCIÓN DEL TÍTULO | |
| Título | El traje de luces |
| Resto del título | : sainete en tres cuadros y en prosa / |
| Mención de responsabilidad, etc. | de Serafín y Joaquín Álvarez Quintero ; con música de los maestros Caballero y Hermoso. |
| 260 ## - PUBLICACIÓN, DISTRIBUCIÓN, ETC. | |
| Lugar de publicación, distribución, etc. | Madrid : |
| Nombre del editor, distribuidor, etc. | Sociedad de Autores Españoles, |
| Fecha de publicación, distribución, etc. | 1899 ( |
| Fabricante | Imp. R. Velasco) |
| 300 ## - DESCRIPCIÓN FÍSICA | |
| Extensión | 51 p. ; |
| Dimensiones | 18 cm. |
| 500 ## - NOTA GENERAL | |
| Nota general | En port.: Estrenado en el teatro de la Zarzuela el 28 de noviembre de 1899. |
| 500 ## - NOTA GENERAL | |
| Nota general | Dedicado al Sr. D. Mariano de Cavia. |
| 500 ## - NOTA GENERAL | |
| Nota general | Solo la letra. |
| 520 8# - RESUMEN, ETC. | |
| Sumario, etc. | La acción transcurre en Sevilla. |
| 700 0# - ENTRADA AGREGADA--NOMBRE PERSONAL | |
| Nombre de persona | Fernández Caballero, Manuel. |
| 9 (RLIN) | 49531 |
| 700 1# - ENTRADA AGREGADA--NOMBRE PERSONAL | |
| Nombre de persona | Hermoso, Mariano. |
| 9 (RLIN) | 142104 |
| 852 ## - LOCALIZACIÓN | |
| Ubicación | ES-MaACL |
| Número de control de estantería | F-8637(5) |
| Nota libre | .- Enc. pasta española |
| -- | .- Enc. en un vol. facticio formando parte de la col. facticia "Teatro español moderno", vol. 92 |
| Estatus retirado | Estado de pérdida | Estado de daño | No para préstamo | Colección | Biblioteca de origen | Biblioteca actual | Ubicación en estantería | Fecha de adquisición | Fuente de adquisición | Total de préstamos | Signatura topográfica completa | Código de barras | Visto por última vez | Precio de reemplazo | Tipo de ítem Koha |
|---|---|---|---|---|---|---|---|---|---|---|---|---|---|---|---|
| Libros del s. XIX | Biblioteca del Ateneo de Madrid | Biblioteca del Ateneo de Madrid | Sala Pecera Planta 2 | 04/02/2010 | F-8637(5) | 1182628 | 23/02/2023 | 23/02/2023 | Libro impreso antiguo |
